<?xml version="1.0" encoding="UTF-8"?><?xml-stylesheet type="text/xsl" href="static/style.xsl"?><OAI-PMH xmlns="http://www.openarchives.org/OAI/2.0/" xmlns:xsi="http://www.w3.org/2001/XMLSchema-instance" xsi:schemaLocation="http://www.openarchives.org/OAI/2.0/ http://www.openarchives.org/OAI/2.0/OAI-PMH.xsd"><responseDate>2026-04-27T20:16:15Z</responseDate><request verb="GetRecord" identifier="oai:uvadoc.uva.es:10324/72385" metadataPrefix="marc">https://uvadoc.uva.es/oai/request</request><GetRecord><record><header><identifier>oai:uvadoc.uva.es:10324/72385</identifier><datestamp>2024-12-11T20:06:47Z</datestamp><setSpec>com_10324_38</setSpec><setSpec>col_10324_787</setSpec></header><metadata><record xmlns="http://www.loc.gov/MARC21/slim" xmlns:doc="http://www.lyncode.com/xoai" xmlns:xsi="http://www.w3.org/2001/XMLSchema-instance" xmlns:dcterms="http://purl.org/dc/terms/" xsi:schemaLocation="http://www.loc.gov/MARC21/slim http://www.loc.gov/standards/marcxml/schema/MARC21slim.xsd">
<leader>00925njm 22002777a 4500</leader>
<datafield tag="042" ind1=" " ind2=" ">
<subfield code="a">dc</subfield>
</datafield>
<datafield tag="720" ind1=" " ind2=" ">
<subfield code="a">Hadji, Kais</subfield>
<subfield code="e">author</subfield>
</datafield>
<datafield tag="260" ind1=" " ind2=" ">
<subfield code="c">2024</subfield>
</datafield>
<datafield tag="520" ind1=" " ind2=" ">
<subfield code="a">Este trabajo se sitúa dentro del campo de la&#xd;
valoración de empresas. El objetivo&#xd;
general es presentar una síntesis ordenada de los modelos o técnicas de evaluación de&#xd;
las compañías. El objetivo específico es efectuar una aplicación práctica para la&#xd;
valoración del grupo Michelin, con sede central en F rancia. La metodología aplicada es&#xd;
doble . E n la s dos primeras parte s , se realiza una revisión sistemática de la literatura&#xd;
teórica existente sobre la materia en libros y otros documentos utilizados en la&#xd;
formación académica y profesional. En la tercera pa rte, se aplica la técnica concreta del&#xd;
descuento de flujo s de fondos para evaluar de modo sencillo ese grupo corporativo en&#xd;
el marco de diversos escenarios hipotéticos sobre su evolución futura , desde 2024 a&#xd;
2028. Los resultados empíricos presentados permi ten ver la importancia de los&#xd;
escenarios concretos considerados cuando se efectúa este tipo de estudios&#xd;
elementales de tipo académico.</subfield>
</datafield>
<datafield tag="024" ind2=" " ind1="8">
<subfield code="a">https://uvadoc.uva.es/handle/10324/72385</subfield>
</datafield>
<datafield ind1=" " ind2=" " tag="653">
<subfield code="a">Empresas - Valoración</subfield>
</datafield>
<datafield tag="245" ind1="0" ind2="0">
<subfield code="a">Los modelos de valoración de empresas : una aplicación práctica a la valoración del grupo mundial Michelin (Francia)</subfield>
</datafield>
</record></metadata></record></GetRecord></OAI-PMH>